| 000 | 00486nam a2200169Ia 4500 | ||
|---|---|---|---|
| 005 | 20250704020804.0 | ||
| 008 | 240331s9999 xx 000 0 und d | ||
| 020 | _a9559170376 | ||
| 082 |
_bPIE _a954 |
||
| 100 | _aPieris,R | ||
| 245 | 0 |
_aSinhala samaja sanvidanaya : _bmahanuwara yugaya |
|
| 250 | _a2nd | ||
| 260 |
_aBoralesgamuwa _bC/S (Private) Visidunu Publishers _c2001 |
||
| 300 | _a385 p ., | ||
| 500 | _aTranslation of Sinhala Social Organization by K.A.D.Perera | ||
| 942 | _cL | ||
| 999 |
_c5285 _d5285 |
||